Bílý tesák /
Bílý tesák, napůl vlk a napůl pes, překonává nástrahy drsného života v ledových pustinách Aljašky.
Uloženo v:
| Hlavní autor: | |
|---|---|
| Další autoři: | , |
| Médium: | E-audiokniha |
| Jazyk: | Czech |
| Vydáno: |
Praha :
Albatros,
[2017]
|
| Témata: | |
| Tagy: |
Žádné tagy |
| LEADER | 03923nim a2200901 i 4500 | ||
|---|---|---|---|
| 001 | 313017 | ||
| 003 | CZ PrSKC | ||
| 005 | 20260601215733.0 | ||
| 007 | sd fungnnmmned | ||
| 008 | 190607t20172017xr nnnnj f n cze | ||
| 015 | |a cnb003101704 | ||
| 024 | 3 | |a 8594050423589 | |
| 040 | |a ABA001 |b cze |e rda | ||
| 041 | 1 | |d cze |h eng | |
| 072 | 7 | |a 821.111(73)-3 |x Americká próza |2 Konspekt | |
| 080 | |a 821.111(73)-31 |2 MRF | ||
| 080 | |a (0:82-311.3) |2 MRF | ||
| 080 | |a (086.7.053.2) |2 MRF | ||
| 080 | |a (086.7)08 |2 MRF | ||
| 080 | |a (086.76) |2 MRF | ||
| 100 | 1 | |a London, Jack, |d 1876-1916 |7 jn19990005166 |4 aut | |
| 240 | 1 | 0 | |a White Fang. |l Česky |7 aun2008447165 |
| 245 | 1 | 0 | |a Bílý tesák / |c Jack London ; překlad Vladimír Svoboda |
| 264 | 1 | |a Praha : |b Albatros, |c [2017] | |
| 264 | 4 | |c ©2017 | |
| 300 | |a 1 audiodisk (9 hod., 9 min.) ; |c 12 cm | ||
| 306 | |a 090900 | ||
| 336 | |a mluvené slovo |b spw |2 rdacontent | ||
| 337 | |a audio |b s |2 rdamedia | ||
| 338 | |a audiodisk |b sd |2 rdacarrier | ||
| 344 | |a digital |b optical |2 rda | ||
| 347 | |a audio soubor |b MP3 |2 rda | ||
| 500 | |a Název z disku | ||
| 500 | |a Přeloženo z angličtiny | ||
| 500 | |a Copyright Albatros Media | ||
| 500 | |a Nezkrácená audiokniha ve formátu mp3 CD | ||
| 511 | 0 | |a Čte Bohdan Tůma | |
| 518 | |o Nahráno |d duben 2017 |p studio Harryton | ||
| 520 | 2 | |a Bílý tesák, napůl vlk a napůl pes, překonává nástrahy drsného života v ledových pustinách Aljašky. |b V prostředí kruté i nádherné kanadské divočiny se odehrává dobrodružný příběh psa, kterému v žilách koluje vlčí krev. Autor líčí osudy Bílého tesáka od jeho štěněcích let a jeho prvních krůčků přes hledání lidské smečky až po dospělé zápasy vlka samotáře. Nesmrtelný příběh skvělého vypravěče dojímá čtenáře již více než 100 let. | |
| 521 | 8 | |a Pro posluchače od 9 let | |
| 655 | 7 | |a americké romány |7 fd131796 |2 czenas | |
| 655 | 7 | |a dobrodružné romány |7 fd132061 |2 czenas | |
| 655 | 7 | |a zvukové záznamy pro děti a mládež |7 fd186726 |2 czenas | |
| 655 | 7 | |a audioknihy |7 fd119452 |2 czenas | |
| 655 | 7 | |a kompaktní disky |7 fd201991 |2 czenas | |
| 700 | 1 | |a Svoboda, Vladimír, |d 1927-2022 |7 jk01122094 |4 trl | |
| 700 | 1 | |a Tůma, Bohdan, |d 1967- |7 xx0079034 |4 nrt | |
| 900 | |a ABA001 |b 19 | ||
| 044 | |a xr | ||
| 505 | 0 | 0 | |t Po stopě masa (19 min., 3 sek.) |
| 505 | 0 | 0 | |t Vlčice (23 min., 23 sek.) |
| 505 | 0 | 0 | |t Nářek hladu (27 min., 45 sek.) |
| 505 | 0 | 0 | |t Souboj tesáků (25 min., 42 sek.) |
| 505 | 0 | 0 | |t Doupě (21 min., 13 sek.) |
| 505 | 0 | 0 | |t Šedý vlček (13 min., 45 sek.) |
| 505 | 0 | 0 | |t Stěna světa (28 min., 3 sek.) |
| 505 | 0 | 0 | |t Zákon masa (14 min., 23 sek.) |
| 505 | 0 | 0 | |t Tvůrci ohně (29 min., 2 sek.) |
| 505 | 0 | 0 | |t Poddanství (24 min., 10 sek.) |
| 505 | 0 | 0 | |t Vyhnanec (13 min., 27 sek.) |
| 505 | 0 | 0 | |t Po stopě bohů (14 min., 0 sek.) |
| 505 | 0 | 0 | |t Úmluva (23 min., 20 sek.) |
| 505 | 0 | 0 | |t Hlad (24 min., 22 sek.) |
| 505 | 0 | 0 | |t Nepřítel svého rodu (26 min., 55 sek.) |
| 505 | 0 | 0 | |t Šílený bůh (21 min., 45 sek.) |
| 505 | 0 | 0 | |t Vláda nenávisti (15 min., 10 sek.) |
| 505 | 0 | 0 | |t Smrtící sevření (29 min., 42 sek.) |
| 505 | 0 | 0 | |t Nezkrotitelný (13 min., 51 sek.) |
| 505 | 0 | 0 | |t Učitel lásky (39 min., 30 sek.) |
| 505 | 0 | 0 | |t Dlouhá cesta (13 min., 29 sek.) |
| 505 | 0 | 0 | |t Na jihu (17 min., 18 sek.) |
| 505 | 0 | 0 | |t Bohova říše (28 min., 46 sek.) |
| 505 | 0 | 0 | |t Volání rodu (17 min., 2 sek.) |
| 505 | 0 | 0 | |t Dřímající vlk (24 min., 3 sek.) |
| 505 | 0 | 0 | |t Psí život a dějiny (13 min., 18 sek.) |
| 910 | |a RBIT002 | ||
| 998 | |d 206629 |a https://core.palmknihy.cz/api/books/206629/cover?sia8rs |b https://core.palmknihy.cz/api/books/206629/cover/400?sia8rs |c https://core.palmknihy.cz/api/books/206629/cover/50?sia8rs |e 2027-12-31 |i 8594050423589 |l 33720 |q 49 |r 1 |s https://www.palmknihy.cz/kniha/206629 |t audiobook |y 2017 |z 0 | ||
| 999 | |d 313015 | ||